Real-Time Systems and Programming Languages : (Record no. 15142)
[ view plain ]
| 000 -LEADER | |
|---|---|
| fixed length control field | 01287cam a22003254a 4500 |
| 001 - CONTROL NUMBER | |
| control field | 12268119 |
| 005 - DATE AND TIME OF LATEST TRANSACTION | |
| control field | 20160825101444.0 |
| 008 - FIXED-LENGTH DATA ELEMENTS--GENERAL INFORMATION | |
| fixed length control field | 010102s2009 enka |rb 001 0 eng |
| 010 ## - LIBRARY OF CONGRESS CONTROL NUMBER | |
| LC control number | 2001016408 |
| 020 ## - INTERNATIONAL STANDARD BOOK NUMBER | |
| International Standard Book Number | 0321417453 |
| 020 ## - INTERNATIONAL STANDARD BOOK NUMBER | |
| International Standard Book Number | 9780321417459 |
| 040 ## - CATALOGING SOURCE | |
| Original cataloging agency | DLC |
| Transcribing agency | DLC |
| Modifying agency | DLC |
| 042 ## - AUTHENTICATION CODE | |
| Authentication code | pcc |
| 050 00 - LIBRARY OF CONGRESS CALL NUMBER | |
| Classification number | QA76.54 |
| Item number | .B87 2001 |
| 082 00 - DEWEY DECIMAL CLASSIFICATION NUMBER | |
| Classification number | 004.33 |
| Edition number | 22 |
| Item number | BUR |
| 100 1# - MAIN ENTRY--PERSONAL NAME | |
| Personal name | Burns, Alan, |
| Dates associated with a name | 1953- |
| 9 (RLIN) | 23168 |
| 245 10 - TITLE STATEMENT | |
| Title | Real-Time Systems and Programming Languages : |
| Remainder of title | Ada 95, Real-Time Java, and C/Real-Time POSIX / |
| Statement of responsibility, etc | Alan Burns and Andy Wellings. |
| 250 ## - EDITION STATEMENT | |
| Edition statement | 4th ed. |
| 260 ## - PUBLICATION, DISTRIBUTION, ETC. (IMPRINT) | |
| Place of publication, distribution, etc | London ; |
| -- | New York : |
| Name of publisher, distributor, etc | Addison-Wesley, 2009 |
| Date of publication, distribution, etc | 2009 |
| 300 ## - PHYSICAL DESCRIPTION | |
| Extent | xviii, 602 p. : |
| Other physical details | ill. ; |
| Dimensions | 24 cm. |
| 490 ## - Series Statement | |
| -- | 18609 |
| Series statement | International computer science series |
| 504 ## - BIBLIOGRAPHY, ETC. NOTE | |
| Bibliography, etc | Includes bibliographical references (p.p. 579-586) and index. |
| 650 #0 - SUBJECT ADDED ENTRY--TOPICAL TERM | |
| Topical term or geographic name as entry element | Real-time programming. |
| 9 (RLIN) | 23170 |
| 650 #0 - SUBJECT ADDED ENTRY--TOPICAL TERM | |
| Topical term or geographic name as entry element | Programming languages (Electronic computers) |
| 9 (RLIN) | 23171 |
| 650 #0 - SUBJECT ADDED ENTRY--TOPICAL TERM | |
| 9 (RLIN) | 23169 |
| Topical term or geographic name as entry element | Real-time data processing |
| 700 1# - ADDED ENTRY--PERSONAL NAME | |
| Personal name | Wellings, Andrew J. |
| 9 (RLIN) | 23172 |
| 856 41 - ELECTRONIC LOCATION AND ACCESS | |
| Materials specified | Table of contents |
| Uniform Resource Identifier | <a href="http://www.loc.gov/catdir/toc/fy022/2001016408.html">http://www.loc.gov/catdir/toc/fy022/2001016408.html</a> |
| 942 ## - ADDED ENTRY ELEMENTS (KOHA) | |
| Source of classification or shelving scheme | Dewey Decimal Classification |
| Item type | NB - Book (Non borrowing) |
| Withdrawn status | Item status | Source of classification or shelving scheme | Damaged status | Not for loan | Vendor | Home library | Current library | Shelving location | Date acquired | Source of acquisition | Cost, normal purchase price | Total Checkouts | Full call number | Barcode | Date last seen | Koha item type | Date last borrowed | Total Renewals |
|---|---|---|---|---|---|---|---|---|---|---|---|---|---|---|---|---|---|---|
| Dewey Decimal Classification | Baccah | Central Library | Central Library | Lower Floor | 18/04/2011 | 180.00 | 004.33 BUR | 000023286 | 15/07/2025 | NB - Book (Non borrowing) | ||||||||
| Dewey Decimal Classification | Baccah | Central Library | Central Library | Lower Floor | 18/04/2011 | 180.00 | 2 | 004.33 BUR | 000023287 | 15/07/2025 | Book - Borrowing | 01/10/2016 | ||||||
| Dewey Decimal Classification | Baccah | Central Library | Central Library | Lower Floor | 18/04/2011 | 180.00 | 1 | 004.33 BUR | 000023288 | 15/07/2025 | Book - Borrowing | 31/03/2014 | 8 |